El acontecer histórico : un estudio ontológico sobre el tema del historiador /

Αποθηκεύτηκε σε:
Λεπτομέρειες βιβλιογραφικής εγγραφής
Κύριος συγγραφέας: Baliñas Fernández, Carlos Amable (autor)
Μορφή: Βιβλίο
Γλώσσα:Ισπανικά
Έκδοση: Madrid, España : Rialp, 1965, c1965
Ετικέτες: Προσθήκη ετικέτας
Δεν υπάρχουν, Καταχωρήστε ετικέτα πρώτοι!

MARC

LEADER 00000nam^a2200000^a^4500
001 000454300
005 20250522000000.0
009 20260310123925.254
037 |a Acervo Xavier Clavigero 
041 |a ESP 
091 |a FCA. 04909 
100 |a Baliñas Fernández, Carlos Amable  |e (autor) 
245 1 3 |a El acontecer histórico :  |b un estudio ontológico sobre el tema del historiador / 
264 4 |a Madrid, España :  |b Rialp,  |c 1965, c1965 
300 |a 366 p. 
336 |a texto  |b txt  |2 rdacontenido 
337 |a sin mediación  |b n  |2 rdamedio 
338 |a volumen  |b nc  |2 rdasoporte 
649 |a XX 
910 |a Fondo Xavier Cacho Vázquez S.J. 
920 |a Impresos - Libros 
930 |a Fondos Especiales 
905 |a 131 
901 |a 0500376055  |b IT2  |c ESP  |i D  |u 20250521 
902 |a https://opac.biblio.iteso.mx/vufind/Record/000454300